Justin Bieber Songs - Statistics

General Stats
  • This quiz has been taken 2,711 times
  • The average score is 9 of 11
Answer Stats
Hint Answer % Correct
3 O
95%
5 E
89%
8 S
83%
2 L
81%
11 N
81%
1 I
79%
10 I
79%
9 T
78%
4 V
77%
7 U
72%
6 J
69%
No matching quizzes found
Score Distribution
Percent of People with Each Score
Percentile by Number Answered
Your Score History
You have not taken this quiz